La narrativa de Alejo Carpentier (Record no. 109683)

MARC details
000 -LEADER
campo de control de longitud fija 00775nam a2200205 i 4500
001 - NÚMERO DE CONTROL
campo de control 109683
003 - IDENTIFICADOR DE NÚMERO DE CONTROL
campo de control ES-MaACL
005 - FECHA Y HORA DE LA ÚLTIMA TRANSACCIÓN
campo de control 20251114103302.0
007 - CAMPO FIJO DE DESCRIPCIÓN FÍSICA--INFORMACIÓN GENERAL
campo de control de longitud fija t|
008 - DATOS DE LONGITUD FIJA--INFORMACIÓN GENERAL
campo de control de longitud fija 061121s1975 xxu r ||||1| spa d
100 1# - ENTRADA PRINCIPAL--NOMBRE DE PERSONA
Nombre de persona Mocega-González, Esther P.
9 (RLIN) 81735
245 13 - MENCIÓN DEL TÍTULO
Título La narrativa de Alejo Carpentier
Resto del título : El concepto del tiempo como tema fundamental (Ensayo de interpretación y análisis) /
Mención de responsabilidad, etc. Esther P. Mocega-González.
260 ## - PUBLICACIÓN, DISTRIBUCIÓN, ETC.
Lugar de publicación, distribución, etc. New York :
Nombre del editor, distribuidor, etc. Eliseo Torres & Sons,
Fecha de publicación, distribución, etc. 1975.
300 ## - DESCRIPCIÓN FÍSICA
Extensión 274 p. ;
Dimensiones 21 cm.
490 1# - MENCIÓN DE SERIE
Mención de serie Torres library of literary studies ;
Designación de volumen o secuencia 22
600 04 - PUNTO DE ACCESO ADICIONAL DE MATERIA--NOMBRE DE PERSONA
Nombre de persona Carpentier, Alejo-
Subdivisión general Crítica e interpretación.
9 (RLIN) 35443
830 0# - PUNTO DE ACCESO ADICIONAL DE SERIE-TÍTULO UNIFORME
Título uniforme Torres Library of Literary Studies
Designación de volumen o secuencia 22
9 (RLIN) 182740
852 ## - LOCALIZACIÓN
Ubicación ES-MaACL
Número de control de estantería L-7027
Sublocalización o colección R.107503
Holdings
Estatus retirado Estado de pérdida Estado de daño No para préstamo Biblioteca de origen Biblioteca actual Ubicación en estantería Fecha de adquisición Fuente de adquisición Total de préstamos Signatura topográfica completa Código de barras Visto por última vez Precio de reemplazo Tipo de ítem Koha
        Biblioteca del Ateneo de Madrid Biblioteca del Ateneo de Madrid Depósito 2 17/01/2008     L-7027 1114441 23/02/2023 23/02/2023 Libro impreso